Mega Click Quiz: Football Club to Stadium - Statistics

General Stats
  • This quiz has been taken 13 times
    3 since last reset
  • The average score is 28 of 45
Answer Stats
Hint Answer % Correct
Johan-Cruyff-Arena Ajax
100%
Emirates Stadium Arsenal
100%
Civitas Metropolitano Atlético Madrid
100%
Camp Nou Barcelona
100%
Allianz Arena Bayern München
100%
Signal Iduna Park Borussia Dortmund
100%
Celtic Park Celtic
100%
Maracanã Flamengo
100%
Anfield Liverpool
100%
Etihad Stadium Manchester City
100%
Old Trafford Manchester United
100%
St. James’ Park Newcastle
100%
Parc des Princes PSG
100%
Red Bull Arena RB Leipzig
100%
Santiago Bernabéu Real Madrid
100%
Tottenham Hotspur Stadium Tottenham
100%
Mestalla Valencia
100%
San Mamés Athletic Bilbao
67%
Estádio da Luz Benfica
67%
Borussia Park Borussia Mönchengladbach
67%
De Kuip Feyenoord
67%
Olympiastadion Berlin Hertha BSC
67%
Giuseppe Meazza Inter Milan
67%
Stadio Olimpico di Roma Lazio
67%
Stadio Diego Armando Maradona Napoli
67%
Estádio do Dragão Porto
67%
La Cartuja Real Betis
67%
London Stadium West Ham United
67%
Mercedes Benz Stadium Atlanta United
33%
Workers' Stadium Beijing Guoan
33%
Suoyuwan Stadium Dalian Yingbo
33%
Estádio Governador Magalhães Pinto
Cruzeiro
33%
Hill Dickinson Stadium
Everton
33%
Stade Pierre-Mauroy Lille
33%
Groupama Stadium Olympique Lyon
33%
Orange Vélodrome Olympique Marseille
33%
Ibrox Stadium Rangers
33%
Stadium of Light Sunderland
33%
RheinEnergie Stadion Cologne
0%
Deutsche Bank Park Eintracht Frankfurt
0%
Ali Sami Yen Stadium Galatasaray
0%
Fritz-Walter-Stadion Kaiserslautern
0%
Mâs Monumental River Plate
0%
Veltins Arena Schalke 04
0%
Estádio José Alvalade XXI Sporting Lisbon
0%
No matching quizzes found
Score Distribution
Percent of People with Each Score
Percentile by Number Answered
Your Score History
You have not taken this quiz since the last reset